The coming global boom: How to benefit now from tomorrow's dynamic world economy
שמור ב:
| מחבר ראשי: | |
|---|---|
| פורמט: | ספר |
| שפה: | Undetermined |
| יצא לאור: |
New York
Bantam Books
1990
|
| נושאים: | |
| תגים: |
הוספת תג
אין תגיות, היה/י הראשונ/ה לתייג את הרשומה!
|
| Thư viện lưu trữ: | Trung tâm Học liệu Trường Đại học Cần Thơ |
|---|
| LEADER | 00592nam a2200205Ia 4500 | ||
|---|---|---|---|
| 001 | CTU_80632 | ||
| 008 | 210402s9999 xx 000 0 und d | ||
| 082 | |a 332.6 | ||
| 082 | |b M875 | ||
| 100 | |a Morris, Charles R. | ||
| 245 | 4 | |a The coming global boom: | |
| 245 | 0 | |b How to benefit now from tomorrow's dynamic world economy | |
| 245 | 0 | |c Charles R. Morris | |
| 260 | |a New York | ||
| 260 | |b Bantam Books | ||
| 260 | |c 1990 | ||
| 650 | |a Economic forecasting,Industries | ||
| 650 | |z United states | ||
| 904 | |i Trọng Hải | ||
| 980 | |a Trung tâm Học liệu Trường Đại học Cần Thơ | ||